000 01428nam0a2200265 4500
001 RU\NLR\BIBL_A\022420566
005 20250625230100.0
010 _93000
035 _a(NLR Aleph) 022420566
090 _a13338362
_c13338362
100 _a20241224d1949 |||y0rusy50 ca
101 0 _amol
102 _aMD
105 _ay z 000 y
181 0 _ai
_baxxe
182 0 _an
200 1 _aРефератул де даре де самэал секретарулуй Комитетулуй Чентрал ал ПК(б) дин Украина тов. Н. С. Хрущев ши резолуция Конгресулуй XVI ал партидулуй Комунист (ал большевичилор) дин Украина, луатэ дупэ рефератул де даре де самэ ал Комитетулуй Чентрал ал ПК (б) дин Украина
_fКонгресул XVI ал партидулуй Комунист (ал большевичилор) дин Украина
203 _aТекст
_bвизуальный
_cнепосредственный
210 _aКишинэу
_cЕдитура де Стат а Молдовей
_d1949
215 _a140,[2] с.
_d20
541 1 _aДоклад Секретаря Центрального Комитета КП(б)У тов. Н. С. Хрущева на XVI съезде КП(б)У
_zrus
686 1 _aФ61(2)8
942 _cBOOK
980 _aNB